Every Winner Of The F1 Australian Grand Prix - Statistics

General Stats
  • This quiz has been taken 16 times
  • The average score is 37 of 39
Answer Stats
Hint Answer % Correct
1986 Alain Prost
100%
1988 Alain Prost
100%
1991 Ayrton Senna
100%
1993 Ayrton Senna
100%
2022 Charles Leclerc
100%
2009 Jenson Button
100%
2010 Jenson Button
100%
2012 Jenson Button
100%
1985 Keke Rosberg
100%
2007 Kimi Raikkonen
100%
2013 Kimi Raikkonen
100%
2025 Lando Norris
100%
2008 Lewis Hamilton
100%
2015 Lewis Hamilton
100%
2023 Max Verstappen
100%
2000 Michael Schumacher
100%
2001 Michael Schumacher
100%
2002 Michael Schumacher
100%
2004 Michael Schumacher
100%
2014 Nico Rosberg
100%
2016 Nico Rosberg
100%
2011 Sebastian Vettel
100%
2017 Sebastian Vettel
100%
2018 Sebastian Vettel
100%
2024 Carlos Sainz Jr
93%
1997 David Coulthard
93%
2003 David Coulthard
93%
1998 Mika Hakkinen
93%
1994 Nigel Mansell
93%
2019 Valtteri Bottas
93%
1995 Damon Hill
87%
1996 Damon Hill
87%
2006 Fernando Alonso
87%
1990 Nelson Piquet
87%
1999 Eddie Irvine
73%
1987 Gerhard Berger
73%
1992 Gerhard Berger
73%
2005 Giancarlo Fisichella
73%
1989 Thierry Boutsen
53%
No matching quizzes found
Score Distribution
Percent of People with Each Score
Percentile by Number Answered
Your Score History
You have not taken this quiz